000 00513nam a22001817a 4500
005 20251108164050.0
008 250721s1988 xx 000 0 ara d
082 1 4 _a153/محم
100 1 _aالنابلسي، محمد أحمد
245 1 0 _aذكاء الجنين /
264 1 _aبيروت :
_bدار النهضة العربية،
_c1988.
300 _a200ص
490 0 _aسلسلة علم نفس الطفل ؛1
650 1 7 _aالذكاء
650 1 7 _aالأطفال
942 _2ddc
_cBK
999 _c2734
_d2734